00610nam a2200205 a 450000100060000000300090000600800410001502000150005604000280007108200130009910000190011224500210013125000060015226000350015830000110019365000410020465000410024565000370028665000810032311087CO-ViMGA141112s2004 ck r 000 u spa d a9586122514 aCO-ViMGAbspacCO-ViMGA04a704 R45m1 aRincon, Carlos10amapas y pliegues a1 aColombia, cColcultura, c1996 a266 p.14aARTE BLANCO - ENSAYOS - CONFERENCIAS14aCARTOGRAFIA - ENSAYOS - CONFERENCIAS14aCULTURA - ENSAYOS - CONFERENCIAS14aMAPAS Y PLIEGUES : ENSAYOS DE CARTOGRAFIA CULTURA Y DE LECTURA EL NEOBARROCO